Education at a glance 2009 OECD indicators
Guardado en:
| Formato: | Libro |
|---|---|
| Lenguaje: | inglés |
| Publicado: |
Paris
OECD
2009
|
| Materias: | |
| Etiquetas: |
Sin Etiquetas, Sea el primero en etiquetar este registro!
|
MARC
| LEADER | 00000nam a2200000 4500 | ||
|---|---|---|---|
| 001 | 0110058 | ||
| 005 | 20251201100615.4 | ||
| 020 | |a 978-92-64-02475-5 | ||
| 041 | 0 | |a eng | |
| 044 | |a FR | ||
| 245 | 1 | 0 | |a Education at a glance 2009 |b OECD indicators |
| 264 | 1 | |a Paris |b OECD |c 2009 | |
| 300 | |a 471 s. | ||
| 610 | 2 | 0 | |a vzdelávanie |
| 610 | 2 | 0 | |a výchova |
| 610 | 2 | 0 | |a populácia |
| 610 | 2 | 0 | |a školstvo |
| 610 | 2 | 0 | |a školy |
| 610 | 2 | 0 | |a veda |
| 610 | 2 | 0 | |a trh práce |
| 610 | 2 | 0 | |a benefity |
| 610 | 2 | 0 | |a zdroje ľudské |
| 610 | 2 | 0 | |a zdroje finančné |
| 610 | 2 | 0 | |a náklady na vzdelanie |
| 610 | 2 | 0 | |a učitelia |
| 610 | 2 | 0 | |a študenti |